000 00589nam a2200253Ia 4500
005 20260121114059.0
008 008 260114s9999 xx 000 0 eng d
020 _a9781444319774
037 _aEBOOK
040 _aCRL
040 _beng
040 _cCRL
041 _2eng
041 _aeng
084 _qCRL
100 _aWellby
_9970630
245 0 _aFreshwater Fisheries Management
260 _bWiley
260 _c2010
856 _uhttps://onlinelibrary.wiley.com/doi/book/10.1002/9781444319774
942 _cEBOOK
999 _c1549884
_d1549884